Readings from left to right/ (Record no. 36331)

MARC details
000 -LEADER
fixed length control field 01076nam a2200385 a 4500
001 - CONTROL NUMBER
control field vtls000033258
003 - CONTROL NUMBER IDENTIFIER
control field NLI
005 - DATE AND TIME OF LATEST TRANSACTION
control field 20210601183631.0
008 - FIXED-LENGTH DATA ELEMENTS--GENERAL INFORMATION
fixed length control field 101125s1970 nyu 000 m eng
020 ## - INTERNATIONAL STANDARD BOOK NUMBER
Terms of availability $ 5.95
039 #9 - LEVEL OF BIBLIOGRAPHIC CONTROL AND CODING DETAIL [OBSOLETE]
-- 201011250300
-- VLOAD
040 0# - CATALOGING SOURCE
Original cataloging agency NLI
Language of cataloging eng
Transcribing agency VERGIS-2003
041 0# - LANGUAGE CODE
Language code of text/sound track or separate title eng
044 ## - COUNTRY OF PUBLISHING/PRODUCING ENTITY CODE
MARC country code nyu
082 04 - DEWEY DECIMAL CLASSIFICATION NUMBER
Classification number 808
100 1# - MAIN ENTRY--PERSONAL NAME
Personal name Amend, Victor E.
9 (RLIN) 98380
245 10 - TITLE STATEMENT
Title Readings from left to right/
Statement of responsibility, etc. Victor E. Amend, Leot. Hendrick
260 ## - PUBLICATION, DISTRIBUTION, ETC.
Place of publication, distribution, etc. New York:
Name of publisher, distributor, etc. Free Press,
Date of publication, distribution, etc. c1970
300 ## - PHYSICAL DESCRIPTION
Extent xii, 497 p.;
Dimensions 20 cm.
650 #0 - SUBJECT ADDED ENTRY--TOPICAL TERM
Topical term or geographic name entry element Reading
9 (RLIN) 1553
650 #0 - SUBJECT ADDED ENTRY--TOPICAL TERM
Topical term or geographic name entry element Readability (Literary style)
9 (RLIN) 97955
650 #0 - SUBJECT ADDED ENTRY--TOPICAL TERM
Topical term or geographic name entry element Rhetoric
650 #0 - SUBJECT ADDED ENTRY--TOPICAL TERM
Topical term or geographic name entry element Language arts
9 (RLIN) 97983
700 1# - ADDED ENTRY--PERSONAL NAME
Personal name Hendrick, Leo T.,
Relationship jt. aut
9 (RLIN) 98381
887 ## - NON-MARC INFORMATION FIELD
Content of non-MARC field P. Rajendran
901 ## - LOCAL DATA ELEMENT A, LDA (RLIN)
a 439407
b 02/01/1978
902 ## - LOCAL DATA ELEMENT B, LDB (RLIN)
a E 808 Am 34
903 ## - LOCAL DATA ELEMENT C, LDC (RLIN)
a 19/04/2004
904 ## - LOCAL DATA ELEMENT D, LDD (RLIN)
a P. Rajendran
906 ## - LOCAL DATA ELEMENT F, LDF (RLIN)
a 035121
949 ## - LOCAL PROCESSING INFORMATION (OCLC)
-- VIRTUAITEM
-- 10000
-- 1
-- 100
6 PUR000439407ENG
a E 808 Am34
942 ## - ADDED ENTRY ELEMENTS (KOHA)
Source of classification or shelving scheme Dewey Decimal Classification
Koha item type Books
Holdings
Withdrawn status Lost status Damaged status Not for loan Collection code Home library Current library Shelving location Date acquired Total Checkouts Full call number Barcode Date last seen Price effective from Koha item type
        New English National Library of India National Library of India New English - Main Stack Division     E 808 Am 34 PUR000439407ENG 01/06/2021 01/06/2021 Books
                                                                           
web counter

Copyright ©2020 The National Library of India, Govt. of India ↔ Hosted by NVLI, MOC ↔ Technology and Design by National Library of India, Ministry of Culture, Govt. of India